| 000 | 01787nam a22003617a 4500 | ||
|---|---|---|---|
| 001 | 000013015 | ||
| 003 | DO-SdBNP | ||
| 005 | 20180314102049.0 | ||
| 007 | 000013015 | ||
| 008 | 160509b 2009 dr a ||||| |||| 00| 0 spa d | ||
| 020 | _a9789945171990 | ||
| 040 |
_aBPMSU _bspa _cBPMSU |
||
| 082 |
_a373.54 _bQ69e 4to. 2009 |
||
| 245 | 1 | 0 |
_aQuímica 4 : _beducación media / _cDenise Pineda ... [et al.] ; coordinación editorial Cristiana Amiama Espaillat ; dirección editorial Luis Miguel Aguas Vanin ; ilustración Henry Cid ... [et al.]. |
| 260 |
_aSanto Domingo : _bSM ; _c2009 |
||
| 300 |
_a191 p. : _bil. ; _c28 cm. |
||
| 490 | 1 | _3Proyecto saber más | |
| 505 |
_gUnidad 1 _tQuímica orgánica -- _gUnidad 2 _tHidrocarburos -- _gUnidad 3 _tQuímica del petróleo -- _gUnidad 4 _tAlcoholes, aldehídos y cetonas -- _gUnidad 5 _tÁcidos carboxílicos, ésteres y éteres -- _gUnidad 6 _tHalogenuros, nitrogenados y sulfuratos – _gUnidad 7 _tGlúcidos y lípidos – _gUnidad 8 _tProteínas y ácidos nucleícos – _tAnexo 1. Química inorgánica – _tAnexo 2. Química orgánica – _tAnexo 3. Pruebas Nacionales – _tDiccionario científico – _tTabla periódica. |
||
| 650 | 4 |
_aQUÍMICA _xENSEÑANZA SECUNDARIA |
|
| 650 | 4 |
_aQUÍMICA _xEDUCACIÓN SECUNDARIA |
|
| 650 | 4 |
_aQUÍMICA _xESTUDIOS Y EJERCICIOS |
|
| 650 | 4 |
_aQUÍMICA _xLIBROS DE TEXTOS |
|
| 650 | 4 |
_aEDUCACIÓN SECUNDARIA _zREPÚBLICA DOMINICANA |
|
| 700 | 1 | _aPineda, Denise | |
| 700 | 1 |
_aAguas Vanin, Luis Miguel, _e ed. |
|
| 700 | 1 | 2 |
_aCid, Henry, _eil. |
| 700 | 1 |
_aEspaillat, Cristina Amiama, _eed. |
|
| 830 | 0 | _pProyecto saber más | |
| 910 | _aValidado. Control de calidad MFF | ||
| 942 |
_2ddc _cBK |
||
| 945 | _aRemanejado para la BNPHU, 2018 / BT | ||
| 956 |
_2LOPEREZ _310 _620160905 _8BPMSU _a00041 |
||
| 999 |
_c10039 _d10039 |
||